000 00970nam a2200397Ia 4500
001 4076
005 20240113233711.0
007 ta
008 090319s1990 a g b000 u asm u
020 _cRs. 35.00 (HB)
040 _aCotton College,Assam
041 _aasm
082 _a891.414
_bHa 336 Sm
100 _aHazarika, Atulchandra .
245 0 _aSmriti Ranjika /
_cAtulchandra Hazarika.
_hTextual Documents
250 _a1st ed. /
260 _aJorhat :
_bAsam Sahitya Sabha ,
_c1990.
300 _a215p. :
_bill. ;
_c21cm .
365 _aRs. 35.00
653 _aAssamese Essays
653 _aPG-Assamese
653 _aMS-Assamese
653 _aT/G-Assamese
942 _2ddc
_cBK
999 _c4064
_d4064